Sổ tay chính tả

Sách là giúp người đọc nắm vững hơn chính tả và cách viết Việt, phát huy, làm giàu tiếng nói của dân tộc.

Gorde:
Xehetasun bibliografikoak
Formatua: Liburua
Hizkuntza:Undetermined
Argitaratua: Thành phố Hồ Chí Minh Nhà xuất bản Thành phố Hồ Chí Minh 1979
Gaiak:
Etiketak: Etiketa erantsi
Etiketarik gabe, Izan zaitez lehena erregistro honi etiketa jartzen!
Thư viện lưu trữ: Trung tâm Học liệu Trường Đại học Cần Thơ
LEADER 00767nam a2200181Ia 4500
001 CTU_149321
008 210402s9999 xx 000 0 und d
082 |a 495.9223 
082 |b S450 
245 0 |a Sổ tay chính tả 
245 0 |c Nguyễn Kim Thân soạn ; Nguyễn Văn Ái, Võ Huỳnh Mai bổ sung, chỉnh lý 
260 |a Thành phố Hồ Chí Minh 
260 |b Nhà xuất bản Thành phố Hồ Chí Minh 
260 |c 1979 
520 |a Sách là giúp người đọc nắm vững hơn chính tả và cách viết Việt, phát huy, làm giàu tiếng nói của dân tộc. 
650 |a Vietnamese language 
904 |i Giang 
980 |a Trung tâm Học liệu Trường Đại học Cần Thơ